| Tag |
First Indicator |
Second Indicator |
Subfields |
| LEADER |
00000cam a2200000 i 4500 |
| 001 |
in00004805721 |
| 008 |
810610s1959 enk 000 0 eng d |
| 005 |
20240807182239.2 |
| 035 |
|
|
|a (OCoLC)ocm07493784
|
| 040 |
|
|
|a PLF
|b eng
|e rda
|c PLF
|d GZM
|d NZBWR
|d OCLCF
|d OCLCO
|d OCLCQ
|d OCL
|d LTSCA
|d OCLCO
|d OCL
|d GILDS
|d OCLCO
|d OCL
|d OCLCO
|d OCLCL
|d OCLCQ
|d OCLCL
|
| 019 |
|
|
|a 316087378
|a 877571065
|a 1145235721
|a 1153183984
|a 1166579876
|a 1221675140
|a 1224882733
|a 1231483080
|a 1298276585
|
| 029 |
1 |
|
|a AU@
|b 000002793416
|
| 029 |
1 |
|
|a GBVCP
|b 019087802
|
| 029 |
1 |
|
|a NLGGC
|b 113853203
|
| 029 |
1 |
|
|a NZ1
|b 3147792
|
| 035 |
|
|
|a (OCoLC)07493784
|z (OCoLC)316087378
|z (OCoLC)877571065
|z (OCoLC)1145235721
|z (OCoLC)1153183984
|z (OCoLC)1166579876
|z (OCoLC)1221675140
|z (OCoLC)1224882733
|z (OCoLC)1231483080
|z (OCoLC)1298276585
|
| 050 |
|
4 |
|a D770
|b .W38 1959
|
| 082 |
0 |
4 |
|a 940.545
|2 19
|
| 049 |
|
|
|a MAIN
|
| 245 |
0 |
0 |
|a Waves of battle /
|c selected and introduced by Edmund V. Corbett.
|
| 264 |
|
1 |
|a London :
|b Arco Publications,
|c 1959.
|
| 300 |
|
|
|a vii, 280 pages ;
|c 23 cm
|
| 336 |
|
|
|a text
|b txt
|2 rdacontent
|
| 337 |
|
|
|a unmediated
|b n
|2 rdamedia
|
| 338 |
|
|
|a volume
|b nc
|2 rdacarrier
|
| 590 |
|
|
|b TAG Physical Holdings 2
|
| 650 |
|
0 |
|a World War, 1939-1945
|x Naval operations.
|0 http://id.loc.gov/authorities/subjects/sh85148450
|
| 650 |
|
0 |
|a World War, 1939-1945
|v Personal narratives.
|0 http://id.loc.gov/authorities/subjects/sh85148463
|
| 650 |
|
6 |
|a Guerre mondiale, 1939-1945
|x Opérations navales.
|
| 650 |
|
6 |
|a Guerre mondiale, 1939-1945
|v Récits personnels.
|
| 650 |
|
7 |
|a Military operations, Naval.
|2 fast
|0 (OCoLC)fst01710244
|
| 647 |
|
7 |
|a World War
|d (1939-1945)
|2 fast
|0 (OCoLC)fst01180924
|1 https://id.oclc.org/worldcat/entity/E39Qhp4vBbhpRH9XvjbDFXtxhb
|
| 648 |
|
7 |
|a 1939-1945
|2 fast
|
| 655 |
|
7 |
|a Personal narratives
|2 fast
|0 (OCoLC)fst01423843
|
| 655 |
|
7 |
|a Personal narratives.
|2 lcgft
|0 http://id.loc.gov/authorities/genreForms/gf2014026142
|
| 655 |
|
7 |
|a Récits personnels.
|2 rvmgf
|
| 700 |
1 |
|
|a Corbett, Edmund V.,
|e compiler.
|
| 758 |
|
|
|i has work:
|a Waves of battle (Text)
|1 https://id.oclc.org/worldcat/entity/E39PCXG68jKWmTg3KRWtBXfW9P
|4 https://id.oclc.org/worldcat/ontology/hasWork
|
| 776 |
0 |
8 |
|i Online version:
|a Corbett, Edmund V.
|t Waves of battle.
|d London, Arco Publications [©1959]
|w (OCoLC)632389724
|
| 994 |
|
|
|a 92
|b TAG
|
| 852 |
|
|
|a TAG
|b TAGC
|c galv,stk
|h D770 .C6 1959
|t c.1
|
| 876 |
|
|
|c 10.00
|p 33620001178306
|x Acc# 2009-101 Rosenberg Collection 2007
|v unmediated -- volume
|
| 999 |
f |
f |
|s 1c5785d0-df0f-4abe-82df-7bd463656b74
|i a5bd912f-a6e2-4e82-809d-a279d2d31592
|t 0
|
| 952 |
f |
f |
|p normal
|a Texas A&M University
|b Galveston Campus
|c Jack K. Williams Library
|d Galveston Stacks
|t 0
|e D770 .C6 1959
|h Library of Congress classification
|i unmediated -- volume
|m 33620001178306
|
| 998 |
f |
f |
|a D770 .C6 1959
|t 0
|l Galveston Stacks
|